000 00543cam a2200169 4500500
005 20260405003343.0
041 _afre
042 _adc
100 1 0 _aPortevin, Catherine
_eauthor
245 0 0 _aDictionnaire philosophique (3e édition)
260 _c2021.
500 _a56
690 _aAndré Comte-Sponville
690 _aDictionnaire
786 0 _nPhilosophie magazine | 152 | 9 | 2021-09-01 | p. 84-84 | 1951-1787
856 4 1 _uhttps://shs.cairn.info/magazine-philosophie-magazine-2021-9-page-84?lang=fr&redirect-ssocas=7080
999 _c2066774
_d2066774